La société féodale : les classes et le gouvernement des hommes /

محفوظ في:

المؤلف الرئيسي: Bloch, Marc, 1886-1944 (مؤلف)

التنسيق: كتاب

اللغة: French

منشور في: Paris : A. Michel, 1949, [©1940].

سلاسل: Evolution de l'humanité. Synthèse collective. 2. section ; 34.

الموضوعات:

الوسوم: إضافة وسم

لا توجد وسوم, كن أول من يضع وسما على هذه التسجيلة!

رقم الطلب: D131 .B5 1949

LEADER 00783nam a2200229I 4500
001 7215
003 OSt
005 20251126090714.0
008 130303t19491940fr a b 001 0 fre d
040 |c ARCE Library 
050 4 |a D131 .B5 1949 
100 1 |a Bloch, Marc,  |d 1886-1944,  |e author  |9 26909 
245 1 3 |a La société féodale :   |b les classes et le gouvernement des hommes /   |c avec 8 planches hors texte ; par Marc Bloch. 
264 1 |a Paris :  |b A. Michel,  |c 1949, [©1940]. 
300 |a xxii, 287 pages :   |b illustrations ;   |c 21 cm. 
490 0 |a Evolution de l'humanité. Synthèse collective. 2. section ;   |v 34. 
504 |a Includes bibliography and index. 
650 0 |a Feudalism. 
651 |a Europe   |x History   |y 476-1492. 
901 |a reviewed 
942 |c BK  |2 lcc 
999 |c 9535  |d 9535